书目信息 |
| 题名: |
园林细部设计CAD精选图库
|
|
| 作者: | ;骁毅文化 组编 | |
| 分册: | 园林小品专辑 | |
| 出版信息: | 北京 化学工业出版社 2009 |
|
| 页数: | 177页 | |
| 开本: | 19x26cm | |
| 丛书名: | ||
| 单 册: | ||
| 中图分类: | TU986.2 , TU986.4-39 | |
| 科图分类: | ||
| 主题词: | 园林设计--yuan lin she ji--计算机辅助设计 , 园林小品--yuan lin xiao pin--园林设计--计算机辅助设计 | |
| 电子资源: | ||
| ISBN: | 978-7-122-03694-0 | |
| 000 | 01252nam 2200277 450 | |
| 001 | 0100001451 | |
| 005 | 20180425163105.71 | |
| 010 | @a978-7-122-03694-0@dCNY36.00 (含光盘) | |
| 010 | @a978-7-89472-011-5@b光盘 | |
| 100 | @a20100603d2009 em y0chiy50 ea | |
| 101 | 0 | @achi |
| 102 | @aCN@b110000 | |
| 105 | @aa z 000yy | |
| 200 | 1 | @a园林细部设计CAD精选图库@Ayuan lin xi bu she ji CAD jing xuan tu ku@i园林小品专辑@f骁毅文化组编 |
| 210 | @a北京@c化学工业出版社@d2009 | |
| 215 | @a177页@c图@d19x26cm@e光盘1片 | |
| 330 | @a本书以园林设计及施工为基础,对园林建筑施工进行分析提炼,精选园林景观设计中常用的园林小品元素,将施工设计中常用的大量做法用一个个资料图块的形式汇集成册。书中涵盖大量CAD设计及施工原图,每个图样均配有电子光盘文件,读者可拷入电脑中浏览阅读,或当作图块即插即用。 | |
| 333 | @a本书适用于各层次园林景观设计者,也可供园林设计者、地产策划工作者、室内设计师和建筑设计师参考使用。 | |
| 517 | 1 | @a园林小品专辑@Ayuan lin xiao pin zhuan ji |
| 606 | 0 | @a园林设计@Ayuan lin she ji@x计算机辅助设计 |
| 606 | 0 | @a园林小品@Ayuan lin xiao pin@x园林设计@x计算机辅助设计 |
| 690 | @aTU986.2@v4 | |
| 690 | @aTU986.4-39@v4 | |
| 711 | 02 | @a骁毅文化@Axiao yi wen hua@4组编 |
| 801 | 0 | @aCN@c20100511 |
| 905 | @b21003335-37@dTU986.2@eX3865 | |
| 园林细部设计CAD精选图库.园林小品专辑/骁毅文化组编.-北京:化学工业出版社,2009 |
| 177页:图;19x26cm+光盘1片 |
| 使用对象:本书适用于各层次园林景观设计者,也可供园林设计者、地产策划工作者、室内设计师和建筑设计师参考使用。 |
| ISBN 978-7-122-03694-0:CNY36.00 (含光盘) |
| 本书以园林设计及施工为基础,对园林建筑施工进行分析提炼,精选园林景观设计中常用的园林小品元素,将施工设计中常用的大量做法用一个个资料图块的形式汇集成册。书中涵盖大量CAD设计及施工原图,每个图样均配有电子光盘文件,读者可拷入电脑中浏览阅读,或当作图块即插即用。 |
| ● |
| 相关链接 |
|
|
|
正题名:园林细部设计CAD精选图库
索取号:TU986.2/X3865
 
预约/预借
| 序号 | 登录号 | 条形码 | 馆藏地/架位号 | 状态 | 备注 |
| 1 | 1003335 | 210033355 | 建筑库201/201建筑库 115排1列4层/ [索取号:TU986.2/X3865] | 在馆 | |
| 2 | 1003336 | 210033364 | 建筑库201/201建筑库 112排2列1层/ [索取号:TU986.2/X3865] | 在馆 | |
| 3 | 1003337 | 210033373 | 建筑库201/201建筑库 112排2列1层/ [索取号:TU986.2/X3865] | 在馆 | |
| 4 | 1298680 | 212986802 | 建筑与城市规划学院资料室/ [索取号:TU986.2/X3865] | 在馆 | |
| 5 | 1298681 | 212986811 | 建筑与城市规划学院资料室/ [索取号:TU986.2/X3865] | 在馆 |